banner-ar

FRUIT FLIES: BIOLOGY AND MANGEMENT / (Record no. 22844)

MARC details
000 -الفاتح
حقل البيانات ثابتة الطول 00474nam a2200193Ia 4500
008 - عناصر البيانات ثابتة الطول - معلومات عامة
حقل البيانات ثابتة الطول 140319s9999 xx 000 0 eng d
040 ## - مصدر الفهرسة
وكالة الفهرسة الأصلية GCL /
وكالة النسخ GCL
082 04 - رقم تصنيف ديوى العشرى
رقم التصنيف 632.774
رقم المادة A F
100 1# - المدخل الرئيسى - إسم شخصى
الإسم الشخصى ALUJA, PABLO
245 10 - بيان العنوان
العنوان FRUIT FLIES: BIOLOGY AND MANGEMENT /
بيان المسئوليه,etc ALUJA, PABLO
260 ## - PUBLICATION, DISTRIBUTION, ETC. (IMPRINT)
تاريخ النشر أو التوزيع 1990
300 ## - الوصف المادى
التعداد 492 PP
650 04 - المدخل الاضافى بالموضوع-مصطلح موضوعى
مصطلح موضوعي CONGRESSES
650 04 - المدخل الاضافى بالموضوع-مصطلح موضوعى
مصطلح موضوعي CONTROL
650 04 - المدخل الاضافى بالموضوع-مصطلح موضوعى
مصطلح موضوعي FRUIT
650 04 - المدخل الاضافى بالموضوع-مصطلح موضوعى
مصطلح موضوعي FLIES
942 ## - عناصر المدخل الإضافي( كوها)
مصدر التصنيف او مخطط الترفيف Dewey Decimal Classification
Koha [default] item type كتاب
260 ## - PUBLICATION, DISTRIBUTION, ETC. (IMPRINT)
-- [S.N] :
-- SPRINGER - VERLAG ،
Holdings
حالة التراجع حالة الفقد حالة تلف ليس للاعارة المكان المؤقت الموقع الحالى تاريخ الاكتساب اجمالي اﻻعارات رقم الطلب الباركود تاريخ اخر مشاهدة تاريخ تفعيل السعر نوع وعاء كوها
        مكتبة القاهرة الكبرى مكتبة القاهرة الكبرى 03/26/2014   632.774\A F 41166 03/26/2014 03/26/2014 كتاب

Powered By

EGPV